<?xml version="1.0" encoding="UTF-8"?>
<record
    xmlns:xsi="http://www.w3.org/2001/XMLSchema-instance"
    xsi:schemaLocation="http://www.loc.gov/MARC21/slim http://www.loc.gov/standards/marcxml/schema/MARC21slim.xsd"
    xmlns="http://www.loc.gov/MARC21/slim">

  <leader>004060000a22001210004500</leader>
  <datafield tag="090" ind1=" " ind2=" ">
    <subfield code="a">AS</subfield>
    <subfield code="b">Seriadas</subfield>
  </datafield>
  <datafield tag="245" ind1="1" ind2="0">
    <subfield code="a">Pterid&#xF3;fitos de Colombia III. los pterid&#xF3;fitos de la regi&#xF3;n de Araracuara (&lt;Amazon&#xED;a colombiana&gt;)</subfield>
  </datafield>
  <datafield tag="041" ind1="0" ind2=" ">
    <subfield code="a">Espa&#xF1;ol</subfield>
  </datafield>
  <datafield tag="700" ind1="1" ind2=" ">
    <subfield code="a">Murillo A., Jos&#xE9;</subfield>
    <subfield code="9">16111</subfield>
  </datafield>
  <datafield tag="100" ind1="1" ind2=" ">
    <subfield code="a">Alfonso Moreno, Ren&#xE9; Armando</subfield>
    <subfield code="9">99571</subfield>
  </datafield>
  <datafield tag="942" ind1=" " ind2=" ">
    <subfield code="c">ARTICULO</subfield>
  </datafield>
  <datafield tag="773" ind1="1" ind2=" ">
    <subfield code="t">Biota Colombiana</subfield>
    <subfield code="3">1061</subfield>
    <subfield code="h">2</subfield>
    <subfield code="q">217-223</subfield>
    <subfield code="d">2000</subfield>
    <subfield code="g">1</subfield>
  </datafield>
  <datafield tag="999" ind1=" " ind2=" ">
    <subfield code="c">15335</subfield>
    <subfield code="d">15335</subfield>
  </datafield>
</record>
